000 00498nmm a2200169Ia 4500
008 251105s9999||||xx |||||||||||||||||und||
020 _a9788490279786
041 _abaq
100 _aAmonarriz Gorria, Kike
245 0 _aEuskararen bidegurutzetik
264 _a[Madrid, España] :
_bElkar,
_c[Fecha de publicación no identificada]
300 _a364 páginas
490 _aEztabaida
650 _aHistory of language
856 _uhttps://public.digitaliapublishing.com/a/98843
942 _cCF
999 _c87571
_d87571